Estatuto de los Trabajadores (Registro nro. 44289)
[ vista simple ]
| 000 -CABECERA | |
|---|---|
| Longitud fija campo de control | 01483nam a2200397 i 4500 |
| 001 - NÚMERO DE CONTROL | |
| Número de control | 44289 |
| 003 - IDENTIFICADOR DE NÚMERO DE CONTROL | |
| Identificador del número de control | ES-MaCES |
| 005 - FECHA Y HORA DE LA ÚLTIMA TRANSACCIÓN | |
| Fecha y hora de la última transacción | 20241212040004.0 |
| 008 - CAMPO FIJO DE DESCRIPCIÓN FIJA--INFORMACIÓN GENERAL | |
| Códigos de información de longitud fija | 051014s2013 sp l 000 | spa d |
| 017 ## - NÚMERO DE REGISTRO DE DERECHOS DE AUTOR Y DEPÓSITO LEGAL | |
| Número de copyright o de depósito legal | M 18750-2013 |
| Agencia que asigna el número | DL |
| 020 ## - ISBN (INTERNATIONAL STANDARD BOOK NUMBER) | |
| Número Internacional Normalizado para Libros (ISBN) | 9788490201763 |
| 040 ## - FUENTE DE CATALOGACIÓN | |
| Centro catalogador de origen | ES-MaCES |
| Lengua de catalogación | spa |
| Centro transcriptor | ES-MaCES |
| 245 00 - MENCIÓN DE TÍTULO | |
| Título | Estatuto de los Trabajadores |
| Resto del título | : comentado y con Jurisprudencia |
| Mención de responsabilidad, etc. | Salvador del Rey Guanter, dir. ; [Rubén Agote Eguizábal, Carolina Gala Durán y Manuel Luque Parra (coords.] |
| 250 ## - MENCIÓN DE EDICIÓN | |
| Mención de edición | 3ª ed |
| 260 ## - PUBLICACIÓN, DISTRIBUCIÓN, ETC (PIE DE IMPRENTA) | |
| Lugar de publicación, distribución, etc. | Las Rozas (Madrid) |
| Nombre del editor, distribuidor, etc. | La Ley |
| Fecha de publicación, distribución, etc. | 2013 |
| 300 ## - DESCRIPCIÓN FÍSICA | |
| Extensión | 1956 p. |
| Dimensiones | 25 cm |
| 500 ## - NOTA GENERAL | |
| Nota general | Índices |
| 541 ## - NOTA DE LA FUENTE INMEDIANTE DE ADQUISICIÓN | |
| Forma de adquisición | Compra |
| 610 17 - ASIENTO SECUNDARIO DE MATERIA--NOMBRE CORPORATIVO | |
| Nombre de entidad corporativa o nombre de jurisdicción como elemento inicial | España |
| Título de la obra | Estatuto de los Trabajadores, 1995. Texto Refundido |
| Fuente de encabezamiento o término | |
| 9 (RLIN) | 2877 |
| 650 #4 - ASIENTO SECUNDARIO DE MATERIA--TÉRMINO DE MATERIA | |
| Término de materia o nombre geográfico como elemento inicial | Estatuto de los Trabajadores |
| 9 (RLIN) | 30784 |
| 650 #4 - ASIENTO SECUNDARIO DE MATERIA--TÉRMINO DE MATERIA | |
| Término de materia o nombre geográfico como elemento inicial | 1995 |
| 9 (RLIN) | 30872 |
| 650 #4 - ASIENTO SECUNDARIO DE MATERIA--TÉRMINO DE MATERIA | |
| Término de materia o nombre geográfico como elemento inicial | texto |
| 9 (RLIN) | 29624 |
| 650 #4 - ASIENTO SECUNDARIO DE MATERIA--TÉRMINO DE MATERIA | |
| Término de materia o nombre geográfico como elemento inicial | comentario |
| 9 (RLIN) | 28971 |
| 650 #4 - ASIENTO SECUNDARIO DE MATERIA--TÉRMINO DE MATERIA | |
| Término de materia o nombre geográfico como elemento inicial | reforma legislativa |
| 9 (RLIN) | 29892 |
| 650 #4 - ASIENTO SECUNDARIO DE MATERIA--TÉRMINO DE MATERIA | |
| Término de materia o nombre geográfico como elemento inicial | jurisprudencia |
| 9 (RLIN) | 28624 |
| 650 #4 - ASIENTO SECUNDARIO DE MATERIA--TÉRMINO DE MATERIA | |
| Término de materia o nombre geográfico como elemento inicial | derecho jurisprudencial |
| 9 (RLIN) | 29863 |
| 653 10 - TÉRMINO DE INDEXACIÓN--NO CONTROLADO | |
| Término no controlado | Derecho del trabajo y Seguridad Social |
| 700 1# - ENCABEZAMIENTO SECUNDARIO--NOMBRE PERSONAL | |
| Nombre de persona | Rey Guanter, Salvador del |
| Término indicativo de función | dir. |
| 9 (RLIN) | 21969 |
| 700 1# - ENCABEZAMIENTO SECUNDARIO--NOMBRE PERSONAL | |
| Nombre de persona | Agote Eguizábal, Rubén |
| Término indicativo de función | col. |
| 9 (RLIN) | 5639 |
| 700 1# - ENCABEZAMIENTO SECUNDARIO--NOMBRE PERSONAL | |
| Nombre de persona | Gala Durán, Carolina |
| Término indicativo de función | col. |
| 9 (RLIN) | 12569 |
| 700 1# - ENCABEZAMIENTO SECUNDARIO--NOMBRE PERSONAL | |
| Nombre de persona | Luque Parra, Manuel |
| Término indicativo de función | col. |
| 9 (RLIN) | 17160 |
| 710 1# - ENCABEZAMIENTO SECUNDARIO--NOMBRE CORPORATIVO | |
| Nombre de entidad o nombre de jurisdicción como elemento inicial | España |
| Título de la obra | Estatuto de los Trabajadores, 1995. Texto Refundido |
| 9 (RLIN) | 2877 |
| 775 0# - ENTRADA DE OTRA EDICIÓN | |
| Título | Estatuto de los Trabajadores comentado y con Jurisprudencia |
| Número de control del registro relacionado | (ES-MaCES)18087 |
| 902 ## - CES. TIPO DE DOCUMENTO | |
| Tipodoc (006$c Sirtex) | LIB Libro |
| 942 ## - ELEMENTOS KOHA | |
| Fuente de clasificaión o esquema | Clasificación propia del CES |
| Koha [por defecto] tipo de item | Monografías |
| Parte de clasificación | Derecho del Trabajo y Seguridad Social |
| Número de registro | Signatura completa | Tipo de item de Koha |
|---|---|---|
| 083725 | SR-6.0.1.-647 | Monografías |
